00293nam a2200133Ia 45000030006000000080041000060400015000471000027000622450026000892600009001153000006001245460012001300050017001420STCL150530s9999 xx 000 0 und d aSTCLcSTCL aRust Hills, L.; Editor aGreat esquire fiction c1986 a0 aEnglish20220125171343.0